Magic the Gathering: Conspiracy Block Characters - Statistics

General Stats
  • This quiz has been taken 5 times
  • The average score is 8 of 10
Answer Stats
Picture Hint Answer % Correct
Conspiracy/Conspiracy: Take the Crown Grenzo, Dungeon Warden
100%
Conspiracy: Take the Crown Leovold, Emissary of Trest
100%
Conspiracy/Conspiracy: Take the Crown Marchesa, the Black Rose
100%
Conspiracy/Conspiracy: Take the Crown Selvala, Explorer Returned
100%
Conspiracy: Take the Crown Adriana, Captain of the Guard
75%
Conspiracy Brago, King Eternal
75%
Conspiracy Dack Fayden
75%
Conspiracy: Take the Crown Daretti, Ingenious Iconoclast
75%
Conspiracy: Take the Crown Kaya, Ghost Assassin
75%
Conspiracy Muzzio, Visionary Architect
50%
No matching quizzes found
Score Distribution
Percent of People with Each Score
Percentile by Number Answered
Your Score History
You have not taken this quiz